LEADER 01276nam a2200217 i 4500 001 000000259094 003 CaOOAMICUS 005 20180702000000.0 008 180702s2007 xx u000 u mul u 013 $a238002 040 $aSeMil$bita 245 10$aCompendium vitae, virtutum ac miraculorum necnon Actorum in Causa Canonizationis Beati Caroli a S. Andrea (in saec. :$bIoannis Andreae Houben) : Sacerdotis Professi Congregationis Passionis Domini Nostri Iesu Christi (1821-1893) 260 $aRomae :$bIn Typographia Nova Res,$c2007. 300 $a15 p. ;$c27 cm. 500 $aIn calce al front. : E tabulario Congregationis de Causis Sanctorum. 600 04$aCarlo : di S. Andrea .$0(OLS)http://semarc/subject/47218 850 $aSeMil 852 $aSeMil$W1$xVenegono$y1$m6W I 70/24$j209439$B209439$CSeMilBibl$Z2$F223102 $8I 961 $aOmaggio: Scola Card. Angelo 996 $6245$aCompendium vitae, virtutum ac miraculorum necnon Actorum in Causa Canonizationis Beati Caroli a S. Andrea (in saec. :$bIoannis Andreae Houben) : Sacerdotis Professi Congregationis Passionis Domini Nostri Iesu Christi (1821-1893)$9(OLS)http://semarc/title/413928 996 $6260$aRomae :$bIn Typographia Nova Res$9(OLS)http://semarc/publisher/53271 LEADER 01517nam a2200265 i 4500 001 000000227057 003 CaOOAMICUS 005 20251127144437.0 008 140213s1774 it u000 u ita u 013 $a205959 026 $aere- o.T. 9.a- (b(a (3) 1774 (R) 040 $aSeMil$bita 100 1 $aGaspare : da Monte Santo .$0(OLS)http://semarc/name/78748 245 13$aLa sagra religiosa famiglia raccolta in solitudine per otto giorni di spirituali esercizj a richiamare i doveri, e a rinovare lo spirito della professione ... opera ... data alla luce dal padre fra Gaspare da Monte Santo .. 260 $aIn Ancona :$bNella Stamperia di Michele Arcangiolo Sartorj, Impressore, Librajo, e Incisore,$c1774. 300 $aXII, 346, [2] p. ;$c4º. 500 $aFront. in cornice xilogr. con fregio 500 $aIniz., fregi xilogr. 500 $aSegn.: ?6 A-2T4 2V6 700 1 $aSartori, Arcangelo,$c.$0(OLS)http://semarc/name/75572 850 $aSeMil 852 $aSeMil$W1$xVenegono$y1$m3F IV 119 FA$j177403$B177403$CSeMilBibl$Z2$F188254 $8I 996 $6245$aLa sagra religiosa famiglia raccolta in solitudine per otto giorni di spirituali esercizj a richiamare i doveri, e a rinovare lo spirito della professione ... opera ... data alla luce dal padre fra Gaspare da Monte Santo ..$9(OLS)http://semarc/title/325054 996 $6260$aIn Ancona :$bNella Stamperia di Michele Arcangiolo Sartorj, Impressore, Librajo, e Incisore$9(OLS)http://semarc/publisher/53561